000 01534nam2a2200337 4500
001 RU\NLR\bibl\1845886
005 20260607070438.0
010 _a978-5-8125-1112-8
_9150
021 _aRU
_b2011-93346
_96686
035 _a(NLR Aleph) 001836319
090 _a2210085
_c2210085
100 _a20111209d2008 |||y0rusy50 ca
101 0 _arus
102 _aRU
105 _aa |||||||||
200 1 _aСпектр-Блюз?!
_eинтенция
_e(эпизод, миниатюры, фрагменты)
_eв 3 кн.
_hкн. 2
_iМоно?!
_e(фрагменты)]
210 _d2008
_aБ. м.
215 _a228 с., [1] л. цв. портр.
225 1 _aНациональный проект Россия
225 1 _aРусский шедевр XXI века
300 _aЗагл. корешка: КС-II
300 _aИзд. на средства авт.
461 0 _1001RU\NLR\bibl\1853765
_12001#$aКосмическая симфония$v[Ч. 2
_92307154
_aШелонникова, Г. А.
_cТула
_d2011
_eИзд. 1-е
_fГалина Шелонникова (Гюль-Нара)
_nГраф и К°
_oэвристика : (полотно эпохи) : [в 5 ч.]
_tКосмическая симфония
_v[Ч. 2
512 1 _6z33790
_aСпектр-блюз
516 0 _aКС-II
517 0 _aИнтенция
790 1 _4070
_7ca
_8rus
_aШелонникова
_bГ. А.
_gГалина Алексеевна
_9125059
_3RU\NLR\auth\7715408
801 0 _aRU
_bNLR
_c20111209
_gRCR
801 1 _aRU
_bNLR
_c20111209
942 _cBOOK
980 _aNB